বাংলাদেশের সাহিত্যে ভাষা আন্দোলন ও মুক্তিযুদ্ধ / (Record no. 2402)
[ view plain ]
| 000 -LEADER | |
|---|---|
| fixed length control field | 01017nam a2200241 a 4500 |
| 003 - CONTROL NUMBER IDENTIFIER | |
| control field | BD-DhJNU |
| 005 - DATE AND TIME OF LATEST TRANSACTION | |
| control field | 20251207051251.0 |
| 008 - FIXED-LENGTH DATA ELEMENTS--GENERAL INFORMATION | |
| fixed length control field | 251108s2021 bg |||g |||| 000 1|ben|d |
| 020 ## - INTERNATIONAL STANDARD BOOK NUMBER | |
| International Standard Book Number | 9789840427581 |
| 040 ## - CATALOGING SOURCE | |
| Original cataloging agency | BD-DhJNU |
| Language of cataloging | ben |
| Transcribing agency | BD-DhJNU |
| Modifying agency | BD-DhJNU |
| 041 ## - LANGUAGE CODE | |
| Language code of text/sound track or separate title | ben |
| 082 ## - DEWEY DECIMAL CLASSIFICATION NUMBER | |
| Classification number | 891.44309 ISB |
| Edition number | 23 |
| 100 ## - MAIN ENTRY--PERSONAL NAME | |
| Personal name | ইসলাম, রফিকুল |
| 242 10 - TRANSLATION OF TITLE BY CATALOGING AGENCY | |
| Title | Language Movement and Liberation War in the Literature of Bangladesh / |
| Statement of responsibility, etc. | Rafiqul Islam |
| 245 10 - TITLE STATEMENT | |
| Title | বাংলাদেশের সাহিত্যে ভাষা আন্দোলন ও মুক্তিযুদ্ধ / |
| Statement of responsibility, etc. | রফিকুল ইসলাম |
| 246 ## - VARYING FORM OF TITLE | |
| Title proper/short title | Bangladesher shahitye vasha andolon o muktijuddho |
| 250 ## - EDITION STATEMENT | |
| Edition statement | 2nd ed. |
| 260 ## - PUBLICATION, DISTRIBUTION, ETC. | |
| Place of publication, distribution, etc. | ঢাকা : |
| Name of publisher, distributor, etc. | আগামী প্রকাশনী, |
| Date of publication, distribution, etc. | 2021. |
| 300 ## - PHYSICAL DESCRIPTION | |
| Extent | ৭৮ পৃ. : |
| Other physical details | চিত্র ; |
| Dimensions | ২২ সেমি.। |
| 650 ## - SUBJECT ADDED ENTRY--TOPICAL TERM | |
| Topical term or geographic name entry element | বাংলা সাহিত্যসমালোচনা |
| 650 ## - SUBJECT ADDED ENTRY--TOPICAL TERM | |
| Topical term or geographic name entry element | Bengali literary criticism |
| 942 ## - ADDED ENTRY ELEMENTS (KOHA) | |
| Koha item type | Books |
| Withdrawn status | Lost status | Source of classification or shelving scheme | Damaged status | Not for loan | Collection | Home library | Current library | Shelving location | Date acquired | Source of acquisition | Total checkouts | Full call number | Barcode | Date last seen | Copy number | Price effective from | Koha item type |
|---|---|---|---|---|---|---|---|---|---|---|---|---|---|---|---|---|---|
| Dewey Decimal Classification | Non-fiction | Jagannath University Central Library | Jagannath University Central Library | General stacks | 12/07/2025 | Purchased | 891.44309 ISB | JNUCL36432 | 12/07/2025 | 1 | 12/07/2025 | Books | |||||
| Dewey Decimal Classification | Non-fiction | Jagannath University Central Library | Jagannath University Central Library | General stacks | 12/07/2025 | Purchased | 891.44309 ISB | JNUCL36433 | 12/07/2025 | 2 | 12/07/2025 | Books | |||||
| Dewey Decimal Classification | Non-fiction | Jagannath University Central Library | Jagannath University Central Library | General stacks | 12/07/2025 | Purchased | 891.44309 ISB | JNUCL36434 | 12/07/2025 | 3 | 12/07/2025 | Books |